[Event "IMSA Elite Mind Games (Women's Rapid)"]
[Site "Huai'an CHN"]
[Date "2016.02.27"]
[EventDate "2016.02.26"]
[Round "6.4"]
[Result "1-0"]
[White "Anna Ushenina"]
[Black "Monika (Bobrowska) Socko"]
[WhiteElo "2450"]
[BlackElo "2448"]
[PlyCount "75"]

1. d4 Nf6 2. c4 e6 3. Nf3 Bb4+ 4. Nbd2 O-O 5. a3 Bxd2+ 6. Qxd2
b6 7. e3 Bb7 8. b4 d6 9. Be2 Nbd7 10. Bb2 Ne4 11. Qc2 Ng5
12. Nd2 f5 13. f3 Qf6 14. c5 Nb8 15. d5 Qg6 16. c6 Bc8
17. dxe6 b5 18. Bxb5 a5 19. e7 Re8 20. Bc4+ Nf7 21. b5 Rxe7
22. O-O Be6 23. a4 d5 24. Bd3 Nd6 25. Rae1 Qh6 26. Ba3 Bf7
27. Bxd6 Qxd6 28. Bxf5 g6 29. Bd3 Qb4 30. Kh1 Re5 31. f4 Re8
32. Nf3 Nxc6 33. bxc6 Rad8 34. Nd4 Re7 35. f5 Rd6 36. fxg6
hxg6 37. Rb1 Qa3 38. Rb3 1-0

[Event "IMSA Elite Mind Games (Women's Rapid)"]
[Site "Huai'an CHN"]
[Date "2016.02.27"]
[EventDate "2016.02.26"]
[Round "7.1"]
[Result "1-0"]
[White "Tan Zhongyi"]
[Black "Anna Ushenina"]
[WhiteElo "2504"]
[BlackElo "2450"]
[PlyCount "93"]

1. d4 d5 2. c4 c6 3. Nf3 Nf6 4. Nc3 e6 5. Bg5 Nbd7 6. e3 Qa5
7. cxd5 Nxd5 8. Qd2 Bb4 9. Rc1 h6 10. Bh4 b6 11. a3 Bxc3
12. bxc3 c5 13. e4 N5f6 14. Bd3 Bb7 15. d5 e5 16. Bxf6 gxf6
17. O-O O-O-O 18. Nh4 Kb8 19. Nf5 h5 20. Nd6 Rh7 21. Qb2 Nf8
22. Nc4 Qa4 23. Rb1 Nd7 24. Nd2 Ba6 25. c4 Bc8 26. Bc2 Qa6
27. a4 Rg7 28. Qc3 Rdg8 29. g3 Kc7 30. a5 Qxa5 31. Qxa5 bxa5
32. h4 Ba6 33. Ra1 Rb8 34. Rxa5 Rb6 35. Rfa1 Kb7 36. Ba4 Nb8
37. Nb3 Bxc4 38. Nxc5+ Kc7 39. Rxa7+ Kd6 40. Nb7+ Rxb7
41. Rxb7 Na6 42. Rb6+ Kc5 43. Rc6+ Kb4 44. Rb1+ Kxa4 45. Rxc4+
Ka5 46. Rc2 Nb4 47. Rcb2 1-0

[Event "IMSA Elite Mind Games (Women's Blitz)"]
[Site "Huai'an CHN"]
[Date "2016.02.28"]
[EventDate "2016.02.28"]
[Round "1.7"]
[Result "1-0"]
[White "Kateryna Lahno"]
[Black "Anna Ushenina"]
[WhiteElo "2529"]
[BlackElo "2450"]
[PlyCount "105"]

1. Nf3 d5 2. g3 g6 3. Bg2 Bg7 4. d4 c6 5. c4 dxc4 6. a4 Nf6
7. Na3 O-O 8. Nxc4 Be6 9. b3 a5 10. O-O Bd5 11. Ba3 Nbd7
12. Qc2 Re8 13. Rfd1 Be4 14. Qa2 Nd5 15. Rac1 N7f6 16. Ncd2
Bxf3 17. Bxf3 Nb4 18. Bxb4 axb4 19. e3 Nd5 20. Qc2 Nc3 21. Re1
e5 22. dxe5 Bxe5 23. Nc4 Bg7 24. e4 b5 25. axb5 Nxb5 26. Bg2
Nd4 27. Qd3 c5 28. e5 Ra2 29. Rcd1 Qe7 30. Nd6 Rd8 31. f4 h5
32. Bd5 Rxd6 33. exd6 Qxd6 34. Bg2 Kh7 35. Qc4 h4 36. Qxf7
hxg3 37. hxg3 Rxg2+ 38. Kxg2 Qc6+ 39. Kh3 Qf3 40. Rh1 Nf5
41. Rd3 Qf2 42. Kg4+ Nh6+ 43. Rxh6+ Kxh6 44. Qd5 Qe2+ 45. Kh3
Qf1+ 46. Kh2 Qe2+ 47. Kh3 Qf1+ 48. Kg4 Qe2+ 49. Rf3 Bd4 50. f5
Qe7 51. fxg6 Bf6 52. Qh5+ Kg7 53. Qh7+ 1-0

[Event "IMSA Elite Mind Games (Women's Blitz)"]
[Site "Huai'an CHN"]
[Date "2016.02.28"]
[EventDate "2016.02.28"]
[Round "2.2"]
[Result "0-1"]
[White "Anna Ushenina"]
[Black "Tan Zhongyi"]
[WhiteElo "2450"]
[BlackElo "2504"]
[PlyCount "70"]

1. d4 d5 2. c4 e6 3. Nc3 Bb4 4. a3 Bxc3+ 5. bxc3 c5 6. cxd5
exd5 7. e3 Nf6 8. Bd3 O-O 9. f3 b6 10. Ne2 Ba6 11. O-O Re8
12. Ng3 Qc8 13. Bf5 Nbd7 14. Re1 g6 15. Bh3 cxd4 16. cxd4 Qc3
17. Ra2 Bc4 18. Rf2 h5 19. Bb2 Qb3 20. Qxb3 Bxb3 21. e4 h4
22. Nf1 Nf8 23. e5 Nh5 24. f4 Ne6 25. f5 Nef4 26. Rf3 Bc4
27. fxg6 fxg6 28. Bg4 Nd3 29. Rb1 Nhf4 30. Re3 Nxb2 31. Rxb2
Ne6 32. Bxe6+ Rxe6 33. Nd2 b5 34. Nf3 Rf8 35. Nxh4 Rf1# 0-1

[Event "IMSA Elite Mind Games (Women's Blitz)"]
[Site "Huai'an CHN"]
[Date "2016.02.28"]
[EventDate "2016.02.28"]
[Round "3.8"]
[Result "0-1"]
[White "Lilit Mkrtchian"]
[Black "Anna Ushenina"]
[WhiteElo "2434"]
[BlackElo "2450"]
[PlyCount "68"]

1. c4 c6 2. Nf3 d5 3. b3 Bf5 4. Bb2 e6 5. g3 h6 6. Bg2 Nd7
7. O-O Ngf6 8. d3 a5 9. a3 Be7 10. Nbd2 O-O 11. Re1 Bh7
12. Rc1 Qb6 13. Qc2 Bc5 14. e3 Be7 15. Bf1 Qa7 16. Qb1 b5
17. Qa1 bxc4 18. bxc4 a4 19. Bd4 Qa6 20. cxd5 cxd5 21. e4 Qa5
22. Bc3 Qb5 23. Rb1 Qc6 24. Rbc1 Nc5 25. Bb4 Qb6 26. Qd4 Rfc8
27. Rb1 Qa7 28. Rec1 Bf8 29. Bc3 dxe4 30. dxe4 Rd8 31. Qe3
Ncxe4 32. Qxa7 Rxa7 33. Nxe4 Bxe4 34. Rb2 Bxf3 0-1

[Event "IMSA Elite Mind Games (Women's Blitz)"]
[Site "Huai'an CHN"]
[Date "2016.02.28"]
[EventDate "2016.02.28"]
[Round "4.1"]
[Result "0-1"]
[White "Ju Wenjun"]
[Black "Anna Ushenina"]
[WhiteElo "2558"]
[BlackElo "2450"]
[PlyCount "128"]

1. Nf3 d5 2. g3 g6 3. Bg2 Bg7 4. d4 c6 5. O-O Nf6 6. b3 O-O
7. Bb2 a5 8. c4 a4 9. cxd5 Nxd5 10. e4 Nf6 11. Nbd2 Nbd7
12. h3 Qa5 13. Qc2 Nb6 14. Nc4 Qa6 15. Rfe1 Be6 16. Bf1 Qa7
17. Ba3 Rfe8 18. Bc5 Bxc4 19. bxc4 Nfd7 20. Ba3 c5 21. dxc5
Nc8 22. Rab1 Nxc5 23. e5 Ne6 24. Qe4 Rb8 25. Bg2 Nb6 26. c5
Nd7 27. Rec1 Ndxc5 28. Qe3 b6 29. Nd4 Nxd4 30. Qxd4 Red8
31. Qc4 Bxe5 32. Re1 Bf6 33. Bd5 e6 34. Bc6 Bg7 35. Bxc5 bxc5
36. Qxa4 Qxa4 37. Bxa4 c4 38. Rxb8 Rxb8 39. Rc1 c3 40. Bb3 Bd4
41. Kf1 Kf8 42. Ke2 e5 43. f3 f5 44. g4 Ke7 45. Kd3 Kf6
46. Kc2 Kg5 47. Kd3 Kf4 48. Rf1 h5 49. gxh5 gxh5 50. Bf7 h4
51. Bb3 Kg3 52. Be6 Kxh3 53. f4 Rb2 54. fxe5 Rd2+ 55. Kc4 Kg2
56. Rc1 Bxe5 57. Bxf5 Rxa2 58. Kd5 Ra5+ 59. Ke4 h3 60. Kd3 h2
61. Be4+ Kg3 62. Rf1 Ra2 63. Rf3+ Kg4 64. Rf1 Rd2+ 0-1

[Event "IMSA Elite Mind Games (Women's Blitz)"]
[Site "Huai'an CHN"]
[Date "2016.02.28"]
[EventDate "2016.02.28"]
[Round "5.8"]
[Result "1-0"]
[White "Anna Ushenina"]
[Black "Huang Qian"]
[WhiteElo "2450"]
[BlackElo "2450"]
[PlyCount "113"]

1. d4 d5 2. c4 dxc4 3. Nf3 Nf6 4. e3 Be6 5. Be2 c6 6. O-O g6
7. a4 Bg7 8. Na3 O-O 9. Nxc4 Nbd7 10. Ng5 Bd5 11. f3 c5
12. dxc5 Nxc5 13. e4 Bc6 14. Be3 Qxd1 15. Bxd1 Ncd7 16. Na5
Ne5 17. Be2 Bd7 18. Nxb7 h6 19. Nh3 Rab8 20. Nc5 Bxh3 21. gxh3
Rxb2 22. Rae1 Nfd7 23. Nxd7 Nxd7 24. Bb5 Nb6 25. Rf2 Rb3
26. Kg2 Rc8 27. e5 Nd5 28. Bxa7 Nf4+ 29. Kg3 g5 30. h4 Nh5+
31. Kg2 Nf4+ 32. Kh1 Rcc3 33. Bd4 Rxf3 34. Rxf3 Rxf3 35. a5
Ra3 36. a6 Ne6 37. Bf2 Ra5 38. a7 Nc7 39. Bc6 Bxe5 40. Bb6 Ra6
41. Bxc7 Rxa7 42. Bxe5 f6 43. Bg3 Kf7 44. hxg5 hxg5 45. Bd5+
Kg6 46. Re2 e5 47. Rf2 Rd7 48. Be4+ Kg7 49. Kg2 Rd4 50. Bf5
Ra4 51. Rd2 Ra7 52. Kf3 Kf7 53. Kg4 Ra4+ 54. Kh5 e4 55. Rd7+
Ke8 56. Rb7 e3 57. Bd7+ 1-0

[Event "IMSA Elite Mind Games (Women's Blitz)"]
[Site "Huai'an CHN"]
[Date "2016.02.28"]
[EventDate "2016.02.28"]
[Round "6.2"]
[Result "1-0"]
[White "Dronavalli Harika"]
[Black "Anna Ushenina"]
[WhiteElo "2511"]
[BlackElo "2450"]
[PlyCount "77"]

1. d4 d5 2. c4 c6 3. Nf3 Nf6 4. Nc3 e6 5. Bg5 h6 6. Bh4 dxc4
7. e4 g5 8. Bg3 b5 9. Be2 Bb7 10. Qc2 Nbd7 11. Rd1 Bb4 12. O-O
Qb6 13. Ne5 Rg8 14. Nxd7 Nxd7 15. d5 cxd5 16. exd5 O-O-O
17. dxe6 fxe6 18. a4 a6 19. axb5 axb5 20. b3 Rgf8 21. bxc4 Qc6
22. f3 bxc4 23. Ne4 Nb6 24. Rb1 Nd5 25. Qxc4 Nc3 26. Qxc6+
Bxc6 27. Ba6+ Kd7 28. Rxb4 Nd5 29. Rbb1 Ra8 30. Bb7 Ra2
31. Bxc6+ Kxc6 32. Rfc1+ Kd7 33. Rb7+ Kd8 34. Nd6 Ne7 35. Rcc7
Ra1+ 36. Kf2 Ra2+ 37. Ke1 Ra1+ 38. Kd2 Ra2+ 39. Kc1 1-0

[Event "IMSA Elite Mind Games (Women's Blitz)"]
[Site "Huai'an CHN"]
[Date "2016.02.28"]
[EventDate "2016.02.28"]
[Round "7.7"]
[Result "0-1"]
[White "Anna Ushenina"]
[Black "Valentina Gunina"]
[WhiteElo "2450"]
[BlackElo "2496"]
[PlyCount "104"]

1. d4 d5 2. c4 c6 3. Nc3 Nf6 4. e3 e6 5. Nf3 Nbd7 6. a3 Bd6
7. Bd3 O-O 8. O-O dxc4 9. Bxc4 b5 10. Ba2 a6 11. e4 e5 12. Bg5
h6 13. Bh4 Qc7 14. Bg3 Bb7 15. Rc1 exd4 16. Nxd4 Bxg3 17. hxg3
Ne5 18. Nf5 Rad8 19. Qe2 Bc8 20. Ne3 Rfe8 21. Rfd1 Rxd1+
22. Rxd1 a5 23. b4 axb4 24. axb4 Qb6 25. Qd2 Neg4 26. Nxg4
Bxg4 27. Qd4 Qa6 28. f3 Be6 29. Bxe6 Rxe6 30. e5 Ne8 31. Ne4
Qa2 32. Nc5 Re7 33. f4 Qe2 34. Qd3 Qg4 35. Qd8 Kh7 36. Qd3+ g6
37. Rd2 Ra7 38. Qf3 Ra1+ 39. Kh2 Qf5 40. Rd7 Ng7 41. g4 Qb1
42. Rxf7 Qg1+ 43. Kg3 Rf1 44. Qe2 Re1 45. Qf2 Re3+ 46. Qxe3
Qxe3+ 47. Kh2 Kg8 48. Rc7 Qxf4+ 49. Kh3 Qxe5 50. Rc8+ Kh7
51. Rxc6 h5 52. gxh5 Nxh5 0-1

[Event "IMSA Elite Mind Games (Women's Blitz)"]
[Site "Huai'an CHN"]
[Date "2016.02.28"]
[EventDate "2016.02.28"]
[Round "8.3"]
[Result "0-1"]
[White "Nana Dzagnidze"]
[Black "Anna Ushenina"]
[WhiteElo "2529"]
[BlackElo "2450"]
[PlyCount "342"]

1. d4 d5 2. c4 dxc4 3. Nf3 c5 4. d5 Nf6 5. Nc3 a6 6. a4 e6
7. e4 exd5 8. e5 Ne4 9. Nxe4 dxe4 10. Qxd8+ Kxd8 11. Ng5 Be6
12. Nxe6+ fxe6 13. Bxc4 Ke7 14. Bg5+ Kf7 15. O-O-O h6 16. Be3
Be7 17. f3 Nc6 18. fxe4 Nxe5 19. Rhf1+ Bf6 20. Be2 Rhd8
21. Kb1 Rxd1+ 22. Rxd1 c4 23. Rd6 Rc8 24. Bf4 c3 25. bxc3 Rxc3
26. Rb6 Rc7 27. Bg4 Re7 28. Bxe5 Bxe5 29. g3 g6 30. Kc2 h5
31. Bh3 g5 32. Bf1 h4 33. gxh4 gxh4 34. h3 Kf6 35. Bc4 Bd4
36. Rb1 Ke5 37. Kd3 Bf2 38. Rf1 Rd7+ 39. Ke2 Bg3 40. Bd3 Bf4
41. Rb1 Rg7 42. Kf2 Kd4 43. Bc2 Kc3 44. Bd1 Kc4 45. Bf3 e5
46. Bg4 b5 47. axb5 axb5 48. Be2+ Kd4 49. Bxb5 Kxe4 50. Bc6+
Kf5 51. Rb8 Rc7 52. Rf8+ Kg5 53. Be4 Rc4 54. Bd3 Rc3 55. Ke2
Ra3 56. Rf5+ Kh6 57. Rf6+ Kg7 58. Rc6 Kf7 59. Ra6 Rc3 60. Bg6+
Kg7 61. Bd3 e4 62. Bb5 Rxh3 63. Ra4 Rh2+ 64. Kf1 Rb2 65. Rxe4
Bg3 66. Bd7 Kf6 67. Bh3 Rh2 68. Bc8 Rf2+ 69. Kg1 Rb2 70. Bh3
Kg5 71. Ra4 Rb1+ 72. Kg2 Rb2+ 73. Kg1 Bf2+ 74. Kf1 Bg3
75. Rg4+ Kf6 76. Ra4 Ke5 77. Kg1 Bf2+ 78. Kf1 Bd4 79. Bd7 Rd2
80. Bc8 Rd3 81. Ke2 Re3+ 82. Kf1 Rc3 83. Bd7 Ke4 84. Kg2 Rg3+
85. Kh2 Rg7 86. Bc8 Ke3 87. Kh3 Bf6 88. Ra3+ Kf4 89. Ra4+ Ke5
90. Bg4 Rc7 91. Ra3 Kf4 92. Rf3+ Kg5 93. Rf5+ Kg6 94. Rf3 Rc1
95. Bf5+ Kg5 96. Bd7 Rh1+ 97. Kg2 Rd1 98. Bc8 Rd2+ 99. Rf2 Rd8
100. Bh3 Rg8 101. Rf5+ Kh6+ 102. Kh1 Kg6 103. Rb5 Rd8 104. Kg2
Rd2+ 105. Kh1 Rd1+ 106. Kg2 Bd4 107. Bg4 Rd2+ 108. Kh3 Bf2
109. Kg2 Bg3+ 110. Kf1 Rd4 111. Bh3 Kf6 112. Kg2 Be5 113. Kf1
Rd2 114. Bc8 Rc2 115. Bd7 Rc3 116. Kg2 Re3 117. Bc8 Re2+
118. Kf3 Rc2 119. Bd7 Rc3+ 120. Kg2 Rg3+ 121. Kf1 h3 122. Bxh3
Rxh3 123. Ke2 Kf5 124. Rb4 Rh2+ 125. Kf3 Rc2 126. Rh4 Rc3+
127. Ke2 Bf4 128. Rh7 Ke4 129. Re7+ Be5 130. Kf2 Rc2+ 131. Kf1
Kf4 132. Ke1 Bd4 133. Kd1 Rh2 134. Re2 Rh3 135. Kc2 Be3
136. Kd3 Rf3 137. Kc4 Ke4 138. Rh2 Rf4 139. Rh5 Rf6 140. Kb5
Bd4 141. Rg5 Rb6+ 142. Kc4 Rc6+ 143. Kb5 Rc8 144. Rh5 Be5
145. Rg5 Kd5 146. Rh5 Rb8+ 147. Ka4 Kd4 148. Ka5 Bc7+ 149. Ka6
Kc4 150. Ka7 Rb3 151. Ka6 Bd6 152. Ka7 Bc5+ 153. Ka6 Rb6+
154. Ka5 Rb8 155. Rh4+ Kd5 156. Ka4 Bd4 157. Ka3 Kc4 158. Ka2
Ra8+ 159. Kb1 Kc3 160. Rh3+ Kc4 161. Kc2 Ra2+ 162. Kb1 Rg2
163. Rh4 Kc3 164. Rh3+ Kb4 165. Kc1 Bc3 166. Kd1 Rd2+ 167. Kc1
Kb3 168. Rh7 Rd5 169. Rb7+ Bb4 170. Rh7 Ba3+ 171. Kb1 Rd1# 0-1

[Event "IMSA Elite Mind Games (Women's Blitz)"]
[Site "Huai'an CHN"]
[Date "2016.02.28"]
[EventDate "2016.02.28"]
[Round "9.6"]
[Result "0-1"]
[White "Anna Ushenina"]
[Black "Bela Khotenashvili"]
[WhiteElo "2450"]
[BlackElo "2502"]
[PlyCount "110"]

1. d4 g6 2. e4 Bg7 3. c3 d6 4. Bc4 Nd7 5. Nf3 e6 6. O-O Ne7
7. Bg5 h6 8. Bf4 O-O 9. Qd2 g5 10. Bg3 Ng6 11. Na3 Kh8 12. h3
Nb6 13. Bd3 f5 14. exf5 exf5 15. Rfe1 Qf6 16. Nc2 f4 17. Bh2
Bf5 18. Nb4 c5 19. Nc2 Rfe8 20. a4 a5 21. Bb5 Rxe1+ 22. Ncxe1
c4 23. d5 Ne5 24. Nd4 Rc8 25. Nxf5 Qxf5 26. Rd1 Rc5 27. Qe2
Nxd5 28. Nf3 Nxf3+ 29. Qxf3 b6 30. Bxc4 Rxc4 31. Rxd5 Qe6
32. Rd1 Rxa4 33. h4 Re4 34. g3 g4 35. Qd3 f3 36. Kf1 Qc4
37. Qxc4 Rxc4 38. Rxd6 b5 39. Ra6 a4 40. h5 Rc5 41. Bg1 Rxh5
42. Ra5 Re5 43. c4 bxc4 44. Rxa4 Rc5 45. Ra8+ Kh7 46. Ra7 Kg6
47. Rb7 Rd5 48. Ke1 Be5 49. Rb6+ Kg5 50. Rb4 Rd4 51. Rb5 Kf5
52. Bh2 Ke4 53. Bg1 Rd5 54. Rb4 Kd3 55. Kd1 Ra5 0-1

[Event "IMSA Elite Mind Games (Women's Blitz)"]
[Site "Huai'an CHN"]
[Date "2016.02.29"]
[EventDate "2016.02.28"]
[Round "11.5"]
[Result "1-0"]
[White "Anna Ushenina"]
[Black "Monika (Bobrowska) Socko"]
[WhiteElo "2450"]
[BlackElo "2448"]
[PlyCount "67"]

1. d4 Nf6 2. c4 e6 3. Nf3 Bb4+ 4. Nbd2 O-O 5. a3 Bxd2+ 6. Qxd2
b6 7. e3 Bb7 8. Be2 d6 9. b4 Nbd7 10. O-O Ne4 11. Qc2 f5
12. d5 e5 13. Ne1 a5 14. f3 Ng5 15. Bb2 c6 16. dxc6 Bxc6
17. Qd2 Nf7 18. Nc2 Qg5 19. Rfd1 Nf6 20. Bc3 axb4 21. axb4 Qg6
22. b5 Bb7 23. Nb4 Ng5 24. Kh1 Rad8 25. Nc6 Rd7 26. Bb4 Nh5
27. Bxd6 Rf6 28. Ne7+ Rxe7 29. Bxe7 Nf7 30. Bxf6 Qxf6 31. Ra7
Bc8 32. Ra8 Qe6 33. Qd5 Qe8 34. Qc6 1-0

[Event "IMSA Elite Mind Games (Women's Blitz)"]
[Site "Huai'an CHN"]
[Date "2016.02.29"]
[EventDate "2016.02.28"]
[Round "12.5"]
[Result "0-1"]
[White "Irina Krush"]
[Black "Anna Ushenina"]
[WhiteElo "2458"]
[BlackElo "2450"]
[PlyCount "80"]

1. d4 d5 2. c4 c6 3. cxd5 cxd5 4. Bf4 Nc6 5. e3 Nf6 6. Nc3 Bf5
7. Qb3 Na5 8. Qa4+ Bd7 9. Qc2 Rc8 10. Bd3 e6 11. Nf3 Nc4
12. O-O Bd6 13. Bxd6 Nxd6 14. Ne5 O-O 15. Qb3 a6 16. Rfc1 Bc6
17. a4 Nd7 18. Nxc6 Rxc6 19. a5 Qe7 20. Na4 Rfc8 21. Rc3 g6
22. Rac1 Rxc3 23. bxc3 Qd8 24. Qb4 Qc7 25. h3 e5 26. Rb1 exd4
27. cxd4 Qc6 28. g3 Kg7 29. Kg2 h5 30. h4 Kg8 31. Rb2 Nc4
32. Rb1 Rc7 33. Rc1 Nxe3+ 34. fxe3 Qxc1 35. Qb3 Qxe3 36. Nb2
Qxd4 37. Qa3 Qc3 38. Qa1 Ne5 39. Bf1 Nc4 40. Nd3 Qxa1 0-1

[Event "IMSA Elite Mind Games (Women's Blitz)"]
[Site "Huai'an CHN"]
[Date "2016.02.29"]
[EventDate "2016.02.28"]
[Round "14.6"]
[Result "1-0"]
[White "Zhao Xue"]
[Black "Anna Ushenina"]
[WhiteElo "2506"]
[BlackElo "2450"]
[PlyCount "161"]

1. Nf3 d5 2. g3 g6 3. Bg2 Bg7 4. O-O Nf6 5. c4 dxc4 6. Na3 O-O
7. Nxc4 c6 8. b3 Nbd7 9. Bb2 Nb6 10. Nce5 Nbd5 11. Rc1 a5
12. a3 Qb6 13. Bd4 Qd8 14. Ba1 Be6 15. d3 Qc8 16. Ng5 h6
17. Nxe6 Qxe6 18. Nc4 Rfd8 19. Qd2 a4 20. b4 Kh7 21. Na5 Qd7
22. Qc2 Rdc8 23. Nc4 Qd8 24. Ne5 Qe8 25. Qa2 e6 26. Nc4 Qd8
27. Rfd1 Ne8 28. Bxg7 Nxg7 29. e4 Nb6 30. Na5 Rc7 31. d4 Rd7
32. Qe2 Nc8 33. Qe3 Nd6 34. h4 Nb5 35. Rd3 Rc8 36. Rcd1 h5
37. Nc4 f6 38. Bh3 Nd6 39. Na5 b6 40. e5 bxa5 41. exd6 Rxd6
42. bxa5 Qxa5 43. Qf4 Qd8 44. Bf1 Rb8 45. Qf3 Nf5 46. Qe4 Kg7
47. Bh3 Rb3 48. Bxf5 exf5 49. Qe3 Rb2 50. Re1 Rd7 51. Qe6 Rc2
52. Rb1 Rf7 53. d5 cxd5 54. Rxd5 Qc8 55. Qe3 Qc4 56. Rd8 Rc3
57. Qe8 Rc1+ 58. Kh2 Kh6 59. Qh8+ Rh7 60. Qf8+ Rg7 61. Rd7 Qg8
62. Qxg8 Rxg8 63. Rxc1 g5 64. Rcc7 gxh4 65. gxh4 f4 66. Rh7+
Kg6 67. Rhd7 Kf5 68. f3 Re8 69. Rg7 Re2+ 70. Rg2 Re3 71. Rc5+
Ke6 72. Rxh5 Rxf3 73. Rh8 Rxa3 74. h5 f3 75. Rf2 Kf5 76. Kg3
Ke4 77. Re8+ Kd5 78. h6 Ra1 79. h7 Rg1+ 80. Kxf3 Rh1 81. h8=Q
1-0

[Event "IMSA Elite Mind Games (Women's Blitz)"]
[Site "Huai'an CHN"]
[Date "2016.02.29"]
[EventDate "2016.02.28"]
[Round "15.3"]
[Result "1-0"]
[White "Anna Ushenina"]
[Black "Elisabeth Paehtz"]
[WhiteElo "2450"]
[BlackElo "2472"]
[PlyCount "104"]

1. d4 d6 2. c4 g6 3. Nf3 Bg7 4. e4 Bg4 5. Be2 Nc6 6. Be3 Bxf3
7. Bxf3 e5 8. d5 Nd4 9. Nc3 c5 10. Be2 Nf6 11. O-O O-O 12. Rb1
Nd7 13. a3 f5 14. f3 b6 15. Bd3 Qh4 16. Nb5 Rf6 17. b4 Bh6
18. Bf2 Qh5 19. bxc5 Bf4 20. h3 dxc5 21. a4 Qg5 22. a5 Be3
23. Nc7 Rc8 24. Nb5 Bxf2+ 25. Rxf2 Ra8 26. Nc7 Rc8 27. Nb5 Ra8
28. Ra1 Rff8 29. Nc7 Rac8 30. Nb5 fxe4 31. Bxe4 Nf6 32. Qc1
Nxe4 33. fxe4 Qg3 34. Qf1 bxa5 35. Nxd4 cxd4 36. Rxa5 Qe3
37. c5 Rf7 38. c6 Rcf8 39. Ra2 Qxe4 40. Rxf7 Rxf7 41. Qc4 Qe3+
42. Kh2 Qf4+ 43. g3 Qe3 44. d6 Kg7 45. Rg2 Rf2 46. Qd5 Rf1
47. d7 Qe1 48. Rc2 Rf2+ 49. Rxf2 Qxf2+ 50. Qg2 Qf6 51. c7 d3
52. c8=Q e4 1-0

[Event "IMSA Elite Mind Games (Women's Blitz)"]
[Site "Huai'an CHN"]
[Date "2016.02.29"]
[EventDate "2016.02.28"]
[Round "16.7"]
[Result "0-1"]
[White "Anna Ushenina"]
[Black "Kateryna Lahno"]
[WhiteElo "2450"]
[BlackElo "2529"]
[PlyCount "52"]

1. d4 Nf6 2. c4 g6 3. Nc3 d5 4. cxd5 Nxd5 5. e4 Nxc3 6. bxc3
Bg7 7. Qa4+ Qd7 8. Bb5 c6 9. Be2 O-O 10. Nf3 c5 11. Bb5 Qg4
12. O-O cxd4 13. cxd4 Qxe4 14. Ba3 Nc6 15. Rfe1 Qf5 16. Rad1
Be6 17. Bxc6 bxc6 18. Bxe7 Rfe8 19. Qa3 Bd5 20. Ne5 Qc2
21. Bc5 Bxe5 22. dxe5 Rxe5 23. Bd4 Re4 24. Bf6 Rae8 25. Rf1
Qxd1 26. Rxd1 Re1+ 0-1

[Event "IMSA Elite Mind Games (Women's Blitz)"]
[Site "Huai'an CHN"]
[Date "2016.02.29"]
[EventDate "2016.02.28"]
[Round "17.2"]
[Result "1-0"]
[White "Tan Zhongyi"]
[Black "Anna Ushenina"]
[WhiteElo "2504"]
[BlackElo "2450"]
[PlyCount "83"]

1. Nf3 d5 2. g3 c6 3. c4 Nf6 4. Bg2 dxc4 5. O-O Nbd7 6. Na3
Nb6 7. Qc2 Qd5 8. b3 cxb3 9. axb3 Qd8 10. Bb2 e6 11. Nc4 Nxc4
12. bxc4 Be7 13. d4 c5 14. dxc5 Bxc5 15. Rfd1 Qe7 16. Ne5 O-O
17. Nd3 Bd6 18. c5 Bc7 19. c6 bxc6 20. Qxc6 Rb8 21. Rxa7 Ne8
22. Ba3 Qd7 23. Bxf8 Kxf8 24. Qc5+ Kg8 25. Bc6 Qd8 26. Bxe8
Bb6 27. Bxf7+ Kh8 28. Qa3 Bxa7 29. Qxa7 Rb7 30. Qa1 e5
31. Nxe5 Qf6 32. Bd5 Re7 33. Nf7+ Kg8 34. Qxf6 gxf6 35. Nd6+
Be6 36. Nf5 Re8 37. Bxe6+ Rxe6 38. e4 Rxe4 39. Rd8+ Kf7
40. Nd6+ Ke7 41. Nxe4 Kxd8 42. Nxf6 1-0

[Event "IMSA Elite Mind Games (Women's Blitz)"]
[Site "Huai'an CHN"]
[Date "2016.02.29"]
[EventDate "2016.02.28"]
[Round "18.8"]
[Result "1-0"]
[White "Anna Ushenina"]
[Black "Lilit Mkrtchian"]
[WhiteElo "2450"]
[BlackElo "2434"]
[PlyCount "93"]

1. d4 Nf6 2. c4 e6 3. Nf3 b6 4. a3 Bb7 5. Nc3 d5 6. cxd5 Nxd5
7. e3 Nd7 8. Bd3 g6 9. h4 h6 10. h5 g5 11. Ne2 Bg7 12. e4 Ne7
13. Be3 c5 14. dxc5 Nxc5 15. Bb5+ Kf8 16. Bd4 Nxe4 17. Ne5 Qd5
18. Bc4 Qd8 19. Nd7+ Kg8 20. Bxg7 Kxg7 21. Qd4+ e5 22. Qxe5+
f6 23. Qe6 Qe8 24. f3 Bc6 25. Nxb6 Nc5 26. Qd6 axb6 27. O-O
Rd8 28. Qg3 Nf5 29. Qf2 Qe3 30. Rac1 Qxf2+ 31. Rxf2 Ba8
32. Nc3 Nd3 33. Bxd3 Rxd3 34. Nb5 Rhd8 35. Rc7+ R3d7 36. a4
Ng3 37. Kh2 Nxh5 38. b4 Nf4 39. a5 bxa5 40. bxa5 Rxc7 41. Nxc7
Nd5 42. Ne6+ Kg6 43. Nxd8 Nb4 44. Rb2 Nd3 45. Rb8 Bd5 46. a6
Nc5 47. a7 1-0

[Event "IMSA Elite Mind Games (Women's Blitz)"]
[Site "Huai'an CHN"]
[Date "2016.02.29"]
[EventDate "2016.02.28"]
[Round "19.1"]
[Result "0-1"]
[White "Anna Ushenina"]
[Black "Ju Wenjun"]
[WhiteElo "2450"]
[BlackElo "2558"]
[PlyCount "72"]

1. d4 Nf6 2. c4 e6 3. Nf3 d5 4. Nc3 c5 5. cxd5 cxd4 6. Qa4+
Bd7 7. Qxd4 exd5 8. Bg5 Nc6 9. Qd2 Be6 10. e3 Be7 11. Be2 O-O
12. O-O h6 13. Bh4 Ne4 14. Bxe7 Qxe7 15. Qd3 Nc5 16. Qd1 Rfd8
17. Nd4 Rac8 18. Bf3 Qf6 19. Nxc6 bxc6 20. Qd4 Qxd4 21. exd4
Nd7 22. Na4 c5 23. dxc5 Nxc5 24. Nxc5 Rxc5 25. Rac1 Rdc8
26. Rxc5 Rxc5 27. h3 Rc2 28. Rb1 d4 29. b4 d3 30. Be4 Rd2
31. a4 f5 32. Bf3 Ra2 33. Bd1 d2 34. Kf1 Bc4+ 35. Be2 d1=Q+
36. Rxd1 Bxe2+ 0-1

[Event "IMSA Elite Mind Games (Women's Blitz)"]
[Site "Huai'an CHN"]
[Date "2016.02.29"]
[EventDate "2016.02.28"]
[Round "20.8"]
[Result "1-0"]
[White "Huang Qian"]
[Black "Anna Ushenina"]
[WhiteElo "2450"]
[BlackElo "2450"]
[PlyCount "179"]

1. c4 c6 2. g3 d5 3. Bg2 g6 4. Nf3 Bg7 5. O-O dxc4 6. Qc2 Nf6
7. Qxc4 O-O 8. d4 Nbd7 9. Nc3 Nb6 10. Qb3 Be6 11. Qc2 a5
12. e4 Nc4 13. b3 Nb6 14. Bb2 h6 15. Rad1 Qc8 16. Rfe1 Bh3
17. Ne2 Bxg2 18. Kxg2 Rd8 19. Nf4 e6 20. Nd3 Nbd7 21. a4 Qc7
22. Rc1 Qb6 23. Nd2 Qa7 24. Nc4 Rac8 25. Nd6 Ra8 26. Nc5 Rab8
27. Red1 Nf8 28. Nc4 b6 29. Nd3 Nxe4 30. Nde5 Nf6 31. Nxc6 Qb7
32. Ne5 Rbc8 33. Kg1 Re8 34. Qe2 Nd5 35. Qb5 Rc7 36. Nd3 Rec8
37. Nce5 Rxc1 38. Rxc1 Rxc1+ 39. Bxc1 Qc7 40. Qc4 Qxc4
41. bxc4 Nc3 42. c5 bxc5 43. dxc5 Nxa4 44. c6 Nb6 45. Be3 Nc8
46. Nd7 e5 47. Nb6 Na7 48. c7 e4 49. Nc5 Be5 50. c8=Q Nxc8
51. Nxc8 Bc7 52. Ne7+ Kg7 53. Nxe4 a4 54. Bd4+ f6 55. Nd5 Bb8
56. Nexf6 Kf7 57. Ne4 Ne6 58. Bb2 g5 59. Nb6 Ba7 60. Nxa4 g4
61. Kg2 Kg6 62. Nac3 Nd4 63. Nd5 Nf3 64. Ne3 h5 65. Bc3 Bb6
66. Nd2 Ne1+ 67. Kf1 Nd3 68. Ne4 Kh6 69. Nd5 Ba7 70. Ne7 Kh7
71. Nf5 Kg6 72. Ne3 Bb6 73. Nd5 Ba7 74. Ne3 Bb6 75. Nd6 Ba7
76. Ndc4 Bc5 77. Ne5+ Nxe5 78. Bxe5 Bb6 79. Ke2 Ba7 80. Kd3
Bb6 81. Ke4 Ba5 82. Nd5 Be1 83. Bd4 Bd2 84. Be3 Be1 85. Nf4+
Kf6 86. Nxh5+ Kg6 87. Nf4+ Kf6 88. Nd3 Ba5 89. Kf4 Kg6
90. Kxg4 1-0

[Event "IMSA Elite Mind Games (Women's Blitz)"]
[Site "Huai'an CHN"]
[Date "2016.03.01"]
[EventDate "2016.02.28"]
[Round "21.2"]
[Result "1-0"]
[White "Anna Ushenina"]
[Black "Dronavalli Harika"]
[WhiteElo "2450"]
[BlackElo "2511"]
[PlyCount "101"]

1. d4 e6 2. c4 Nf6 3. Nf3 d5 4. Nc3 Nbd7 5. cxd5 exd5 6. Bf4
c6 7. e3 Be7 8. h3 Nf8 9. Bd3 Bd6 10. Ne5 Ng6 11. Bh2 O-O
12. O-O Nh4 13. Qc2 g6 14. f3 Nh5 15. g4 Ng7 16. Bg3 f5
17. Rf2 fxg4 18. fxg4 Bxe5 19. dxe5 Nf3+ 20. Kg2 Ng5 21. Raf1
Rxf2+ 22. Qxf2 Be6 23. Qf6 Qxf6 24. exf6 Ne8 25. h4 Ne4
26. Nxe4 dxe4 27. Bxe4 Rd8 28. g5 Kf7 29. b3 Bd5 30. Bf3 a5
31. e4 Be6 32. Rd1 Ra8 33. Be2 a4 34. Bc4 Bxc4 35. bxc4 Ke6
36. c5 Ra5 37. Bf2 Ra8 38. Rb1 Ra7 39. Kf3 Nc7 40. Rd1 Nb5
41. Rd8 a3 42. Be1 Ra4 43. Re8+ Kf7 44. Re7+ Kf8 45. Rxh7 Rc4
46. Rxb7 Rc2 47. h5 Nd4+ 48. Kg3 Rb2 49. Ra7 gxh5 50. g6 Ne6
51. Ra8+ 1-0